000
00262nam a2200109Ia 4500
008
190902s9999||||xx |||||||||||||| ||und||
100
_a
Alan M. Rugman
245
0
_a
International Business
260
_a
London
_b
The McGraw-Hill
_c
2004
300
_a
628
942
_c
BK
999
_c
2799
_d
2799